000 00919cab a2200301 4500
001 ABS49468
008 090401t1993 xxu||||| |||| 00| 0 eng d
035 _a(Sirsi) u71430
041 _aeng
245 _aRetail warehouses
260 _c1993
350 _a0
490 _aEstates Times
_v(1209) 22 October 1993, 24-33(10)
520 _aA survey of a number of topics including: the correlation between out- of-town shops and discount stores; factory shops; warehouse clubs; the market in Northern Ireland and childrens` play areas.
650 _aCROYDON
650 _aDISCOUNT STORES
650 _aFACTORY SHOPS
650 _aFRANCE
650 _aINVESTMENT
650 _aITALY
650 _aNORTHERN IRELAND
650 _aPLANNING
650 _aRETAIL WAREHOUSING
650 _aWAREHOUSE CLUBS
690 _aPROPERTY-COMMERCIAL PROPERTY-RETAIL PROPERTY
942 _n0
948 _c04/03/1997
999 _c45026
_d45026